000 00637nam a2200253Ia 4500
003 OSt
005 20221006144929.0
006 a|||||r|||| 00| 0
007 ta
008 221006b |||||||| |||| 00| 0 eng d
020 _cP14.95
024 _a13,232
037 _cTextual
040 _aEASL
_cEASL
_beng
041 _2eng
_aeng
082 _aV41,21y7M98, M4
100 _aWILSON Dick
245 0 _aChou
_b The story of Zhou Elai
260 _aLondon
_bHutchinson
_c1984
300 _a349p.
_ccm.
490 _v CEL
942 _hV41,21y7M98, M4
_cTEXL
_2CC
999 _c1081318
_d1081318